|
|
|
|
| LEADER |
02188nkm a2200505 a 4500 |
| 001 |
mzk03001048587 |
| 003 |
CZ BrMZK |
| 005 |
20100920111133.0 |
| 007 |
kj bo| |
| 008 |
070416q17211778ne ||| f || k|dutod |
| 034 |
0 |
|
|a a
|d E0024700
|e E0024700
|f N0501700
|g N0501700
|
| 040 |
|
|
|a BOA001
|b cze
|
| 041 |
0 |
|
|a dut
|a fre
|
| 043 |
|
|
|a e-fr---
|
| 072 |
|
7 |
|a 76
|x Grafické umění. Grafika
|2 Konspekt
|9 21
|
| 080 |
|
|
|a (0.026.6)76
|2 MRF
|
| 080 |
|
|
|a (084.1)
|2 MRF
|
| 080 |
|
|
|a (44)
|2 MRF
|
| 080 |
|
|
|a 912.43:069.5
|2 MRF
|
| 100 |
1 |
|
|a Schorn, Lauwerens
|4 aut
|
| 245 |
1 |
0 |
|a [Afbeeldinghe der voornaemste Steeden van Nederlant]
|h [grafika],
|p Arras, Capitale d'Artois /
|c [Uytgegeven door I. Covens en C. Mortier ; Leuwerens Schorn inv. dell. et Sculp.]
|
| 246 |
3 |
0 |
|a Arras, Capitale d'Artois
|h [grafika]
|
| 255 |
|
|
|a Měřítko neuvedeno
|c (002°47´00" v.d.--002°47´00" v.d./050°17´00" s.š.--050°17´00" s.š.)
|
| 260 |
|
|
|a [Amsterdam :
|b Uytgegeven door I. Covens en C. Mortier ; les Principales villes des Pais-bas, mises en lumiere, Par J. Covens et Mortier,
|c mezi 1721 a 1778]
|
| 300 |
|
|
|a 1 grafický list :
|b mědirytina ;
|c 21 x 26 cm na listu 32 x 41 cm
|
| 500 |
|
|
|a List ze souboru uloženého pod sign. Moll-0002.466,01 až Moll-0002.466,24
|
| 500 |
|
|
|a Nahoře uprostřed kartuše, na ozdobném rámu zavěšena stužka
|
| 510 |
4 |
|
|a Kuchař, K. Mapová sbírka B.P. Molla,
|c s. 274
|
| 546 |
|
|
|a Souběžný nizozemský a francouzský název
|
| 655 |
|
7 |
|a grafické listy
|7 fd132404
|2 czenas
|
| 655 |
|
7 |
|a veduty
|7 fd133805
|2 czenas
|
| 650 |
0 |
4 |
|a Mollova mapová sbírka
|
| 650 |
0 |
7 |
|a mapové sbírky
|z Česko
|7 ph182407
|2 czenas
|
| 610 |
2 |
7 |
|a Moravská zemská knihovna (Brno, Česko).
|b Mapová sbírka B.P. Molla
|7 mzk2005304487
|2 czenas
|
| 651 |
|
7 |
|a Arras (Francie)
|7 ge385436
|2 czenas
|
| 856 |
4 |
1 |
|u http://mapy.mzk.cz/mzk03/001/048/587/2619269807
|y Digitalizovaný dokument
|
| 903 |
|
|
|a RP
|
| 910 |
|
|
|a BOA001
|b Moll-0002.466,05
|
| 978 |
|
|
|b Covens, Johannes I
|a Amsterdam
|c 1721-1778
|
| 978 |
|
|
|b Mortier, Cornelis
|a Amsterdam
|c 1721-1778
|
| 984 |
|
|
|a Amsterdam
|b Nizozemsko
|
| 985 |
|
|
|a 1701-1750
|
| 985 |
|
|
|a 1751-1800
|
| 990 |
|
|
|a GP
|
| 991 |
|
|
|k mzk
|